Mangas de A à Z (édition facile) - Statistiques

Statistiques générales
  • Ce quiz a été pris 622 fois
  • Le résultat moyen est 12 sur 26
Statistiques - réponses
Lettres Description Manga % Correct
A Un extraterrestre devient professeur et la cible à abattre de sa classe Assassination classroom
95%
D Un garçon avec une queue de singe part à l'aventure pour trouver des boules de cristal Dragon ball
95%
O Un homme élastique vogue les mers pour trouver le plus grand des trésors One piece
92%
C Il devient un homme-tronçonneuse après avoir fusionné avec un démon Chainsaw man
87%
H Un enfant devient chasseur pour retrouver son père Hunter x hunter
85%
T Un étudiant devient mi-homme mi-ghoul et lutte pour survivre dans ce monde Tokyo ghoul
82%
B Un ado pouvant voir les morts devient shinigami Bleach
81%
F 2 frères essaient de retrouver leur corps d'origine après avoir essayé de ressusciter leur mère Fullmetal alchemist
76%
V Un jeune viking rejoint la troupe du meurtrier de son père Vinland saga
75%
N Le réceptacle d'un démon souhaite devenir maire de son village Naruto
72%
I Un boxeur timoré veut savoir ce que ça fait d'être fort Ippo
57%
Y Un garçon résout un ancien puzzle égyptien et affronte des adversaires dans des duels de cartes Yu-Gi-Oh!
57%
K L'histoire de l'unification de la Chine Kingdom
50%
S Un lycéen bagarreur intègre un club de basket en espérant pouvoir sortir avec la fille qu'il aime Slam dunk
41%
E un lycéen timide se fait enrôler de force dans l'équipe de football américain de son lycée Eyeshield 21
40%
M Un chirurgien sauve un enfant, déclenchant une chasse au tueur à travers l'Europe Monster
32%
J Une famille affronte des ennemis surnaturels au fil des générations Jojo's bizarre adventure
31%
R Un garçon maudit se transforme en fille au contact de l’eau froide Ranma 1/2
30%
P Un prodige du tennis rejoint une école d'élite pour devenir le meilleur du japon Prince of tennis
15%
G Un tueur à gage légendaire accepte des missions dangereuses partout dans le monde Golgo 13
7%
L Un étudiant essaie de rentrer à l'université tout en gérant une pension pleine de fille Love hina
5%
X Un étudiant aide une sorcière mystérieuse, découvrant souhaits et conséquences surnaturelles XxxHolic
4%
U Un guerrier trahi revient pour se venger et rétablir la justice dans un royaume corrompu Ubel blatt
3%
W Des loups à l’apparence humaine cherchent un paradis légendaire dans un monde en ruines Wolf's rain
3%
Z Un garçon et son partenaire démoniaque se battent dans un tournoi pour devenir roi du monde des démons ZatchBell!
2%
Q Un jeune lycéen découvre l’amitié, l’amour et le baseball dans sa vie quotidienne Q and A
0%
Aucun quiz correspondant
Distribution des résultats
% des personnes avec chaque résultat
Percentile par nombre de réponses
Votre historique - résultats
Vous n’avez pas pris ce quiz